Costing
Uložené v:
| Hlavný autor: | |
|---|---|
| Médium: | Kniha |
| Jazyk: | English |
| Vydavateľské údaje: |
London
DP Publ. LTD
1993
|
| Vydanie: | 4. ed. |
| Edícia: | <The> Complete Course Text
|
| Predmet: | |
| Tagy: |
Žiadne tagy, Buďte prvý, kto otaguje tento záznam!
|
MARC
| LEADER | 00000nam a2200000 4500 | ||
|---|---|---|---|
| 001 | c005807 | ||
| 005 | 20221206074321.6 | ||
| 020 | |a 1-85805-015-4 | ||
| 041 | 0 | |a eng | |
| 044 | |a GB | ||
| 245 | 1 | 0 | |a Costing |c T. Lucey |
| 250 | |a 4. ed. | ||
| 264 | 1 | |a London |b DP Publ. LTD |c 1993 | |
| 300 | |a 586 s. | ||
| 490 | 1 | |a <The> Complete Course Text | |
| 830 | 0 | |a <The> Complete Course Text | |
| 610 | 2 | 0 | |a kalkulácia |
| 610 | 2 | 0 | |a účtovníctvo finančné |
| 610 | 2 | 0 | |a rozpočtovníctvo |
| 610 | 2 | 0 | |a Veľká Británia |
| 610 | 2 | 0 | |a účty |
| 610 | 2 | 0 | |a metodika |
| 100 | 1 | |a Lucey, T. | |